000 00672nam a2200193 u 4500
001 000046596
005 20201002053004.0
008 170124s2009 sp r 000 0 spa d
020 _a9788483650806
040 _aDO-SdBNP
_bspa
_cBNPHU
082 _axxxx
_bxxxx
100 1 _aBirkegaard, Mikkel
_974570
240 1 0 _aLibri di Luca
_lEspañol
245 1 0 _aLibros de Luca /
_cMikkel Birkegaard ; traducción Christian Kupchik.
260 _aMadrid :
_bSuma,
_c2009.
300 _a549 p. ;
_c23 cm.
500 _aTodos los amantes de los libros saben del poder de la palabra escrita, pero no se imaginan hasta dónde puede llegar
700 1 _aKupchik, Christian
_etr.
_974571
999 _c46085
_d46085